Illustrated dictionary of historic architecture / (Record no. 12434)

000 -LEADER
fixed length control field 00695pam a2200193 a 4500
003 - CONTROL NUMBER IDENTIFIER
control field OSt
005 - DATE AND TIME OF LATEST TRANSACTION
control field 20240117092330.0
008 - FIXED-LENGTH DATA ELEMENTS--GENERAL INFORMATION
fixed length control field 820908r19831977nyua d 000 0 eng
020 ## - INTERNATIONAL STANDARD BOOK NUMBER
International Standard Book Number 048624444X (pbk.)
082 00 - DEWEY DECIMAL CLASSIFICATION NUMBER
Classification number 720.321
Edition number 19
Item number CYR
130 0# - MAIN ENTRY--UNIFORM TITLE
Uniform title Historic architecture sourcebook.
245 10 - TITLE STATEMENT
Title Illustrated dictionary of historic architecture /
Statement of responsibility, etc edited by Cyril M. Harris.
260 ## - PUBLICATION, DISTRIBUTION, ETC. (IMPRINT)
Place of publication, distribution, etc New York :
Name of publisher, distributor, etc Dover Publications,
Date of publication, distribution, etc 1983, c1977.
300 ## - PHYSICAL DESCRIPTION
Extent viii, 581 p. :
Other physical details ill. ;
Dimensions 24 cm.
500 ## - GENERAL NOTE
General note Reprint. Originally published: Historic architecture sourcebook. New York : McGraw-Hill, c1977.
650 #0 - SUBJECT ADDED ENTRY--TOPICAL TERM
Topical term or geographic name as entry element Architecture
General subdivision Dictionaries.
700 1# - ADDED ENTRY--PERSONAL NAME
Personal name Harris, Cyril M.,
Dates associated with a name 1917-2011.
942 ## - ADDED ENTRY ELEMENTS (KOHA)
Source of classification or shelving scheme
Holdings
Withdrawn status Lost status Source of classification or shelving scheme Damaged status Koha normalized classification for sorting Not for loan Permanent location Current location Date acquired Source of acquisition Cost, normal purchase price Total Checkouts Full call number Barcode Date last seen Date last borrowed Cost, replacement price Price effective from Koha item type
        720_321000000000000_CYR   BMS College of Architecture, Design and Planning BMS College of Architecture, Design and Planning 2024-01-17 1 2241.17 1 720.321 CYR AR-UG3572 2025-10-17 2025-10-10 2988.23 2024-01-17 UG Books
Copyright © 2025, The Librarian, Library and Information Centre, BMSCA D&P, Bengaluru. All Rights Reserved
web counter

Powered by Koha